Missing Word: #1 Hits of 2016 Quiz Stats

 Plays Quiz Updated Jul 18, 2019

Score 0/5 Timer 01:30
1 Play Today
#1 Song Missing Word % Correct
Can't ____ the Feeling!Stop
96.9%
____ YourselfLove
86.3%
Cheap ____Thrills
65.4%
One ____Dance
49.5%
Black ____Beatles
32.1%

Today's Daily Dose

You're not logged in!

Compare scores with friends on all Sporcle quizzes.
OR
Log In

Sporcle TV

Today on Sporcle TV


Watch our educational content, quiz creation guides, and fun videos on Sporcle TV.

Show Comments

Extras

Top Quizzes Today


Score Distribution

Your Account Isn't Verified!

In order to create a playlist on Sporcle, you need to verify the email address you used during registration. Go to your Sporcle Settings to finish the process.

Report this User

Report this user for behavior that violates our Community Guidelines.

Details: